Répertoire général du théatre français. (Record no. 169854)
[ view plain ]
| 000 -LEADER | |
|---|---|
| campo de control de longitud fija | 02319nam a22003735i 4500 |
| 001 - NÚMERO DE CONTROL | |
| campo de control | 169854 |
| 003 - IDENTIFICADOR DE NÚMERO DE CONTROL | |
| campo de control | ES-MaACL |
| 005 - FECHA Y HORA DE LA ÚLTIMA TRANSACCIÓN | |
| campo de control | 20250827053508.0 |
| 008 - DATOS DE LONGITUD FIJA--INFORMACIÓN GENERAL | |
| campo de control de longitud fija | 081209s1821 fr |||| | fre d |
| 080 ## - NÚMERO DE LA CLASIFICACIÓN DECIMAL UNIVERSAL | |
| Número de la Clasificación Decimal Universal | 821.133.1-2"17" |
| 245 00 - MENCIÓN DEL TÍTULO | |
| Título | Répertoire général du théatre français. |
| Nombre de parte o sección de la obra | Théatre du second ordre : |
| Resto del título | Tragédies. |
| 260 ## - PUBLICACIÓN, DISTRIBUCIÓN, ETC. | |
| Lugar de publicación, distribución, etc. | Paris : |
| Nombre del editor, distribuidor, etc. | Mme. Veuve Dabo, |
| Fecha de publicación, distribución, etc. | 1821. |
| 300 ## - DESCRIPCIÓN FÍSICA | |
| Extensión | 5 t. en 2 v. ; |
| Dimensiones | 13 cm. |
| 490 1# - MENCIÓN DE SERIE | |
| Mención de serie | Répertoire général du théatre français ; |
| Designación de volumen o secuencia | 30-34 |
| 505 8# - NOTA DE CONTENIDO CON FORMATO | |
| Nota de contenido con formato | Contiene: III. Inès de Castro, tragédie / par Lamotte-Houdart . Gustave-Wasa / par Piron . Didon / par Lefranc de Pompignan . Mahomet second / par Lanoue - IV. Les troyennes / par Chateaubrun . Briséis ou La colère d'Achille / par Poinsinet de Sivry . Iphigénie en Tauride / par Guymond de La Touche . Hypermnestre / par Lemierre - V. La veuve du Malabar ou l'empire des coutumes / par Lemierre . Spartacus / par Saurin . Blanche et Guiscard / par Saurin . Caliste / par Colardeau - VI. Zelmire / par De Belloy . Le siège de Calais / par De Belloy . Gaston et Bayard / par De Belloy . Pierre le cruel / par De Belloy . Gabrielle de Vergy / par De Belloy - VII. Le comte de Warwick / par Le Harpe . Philoctète / par Le Harpe . Coriolan / par Le Harpe . Orphanis / par Blin de Sainmore . Mustapha et Zéangir / par Champfort. |
| 650 #4 - PUNTO DE ACCESO ADICIONAL DE MATERIA--TÉRMINO DE MATERIA | |
| Término de materia o nombre geográfico como elemento de entrada | Teatro francés- |
| Subdivisión cronológica | S.XVIII. |
| 9 (RLIN) | 136909 |
| 700 1# - ENTRADA AGREGADA--NOMBRE PERSONAL | |
| Nombre de persona | La Motte, Antoine Houdar de. |
| 9 (RLIN) | 139034 |
| 700 1# - ENTRADA AGREGADA--NOMBRE PERSONAL | |
| Nombre de persona | Piron, Alexis. |
| 9 (RLIN) | 139028 |
| 700 1# - ENTRADA AGREGADA--NOMBRE PERSONAL | |
| Nombre de persona | Pompignan, Jean-Jacques Lefranc. |
| 9 (RLIN) | 139032 |
| 700 1# - ENTRADA AGREGADA--NOMBRE PERSONAL | |
| Nombre de persona | Lanoue, Jean-Baptiste de. |
| 9 (RLIN) | 139033 |
| 700 1# - ENTRADA AGREGADA--NOMBRE PERSONAL | |
| Nombre de persona | Chateaubrun, Jean-Baptiste Vivien de. |
| 9 (RLIN) | 139035 |
| 700 1# - ENTRADA AGREGADA--NOMBRE PERSONAL | |
| Nombre de persona | Guimond de La Touche, Claude. |
| 9 (RLIN) | 139037 |
| 700 1# - ENTRADA AGREGADA--NOMBRE PERSONAL | |
| Nombre de persona | Le Mierre, Antoine-Marin. |
| 9 (RLIN) | 139038 |
| 700 1# - ENTRADA AGREGADA--NOMBRE PERSONAL | |
| Nombre de persona | Saurin, Bernard-Joseph. |
| 9 (RLIN) | 139039 |
| 700 1# - ENTRADA AGREGADA--NOMBRE PERSONAL | |
| Nombre de persona | Colardeau, Charles-Pierre. |
| 9 (RLIN) | 139040 |
| 700 1# - ENTRADA AGREGADA--NOMBRE PERSONAL | |
| Nombre de persona | Belloy, Pierre Laurent de. |
| 9 (RLIN) | 139041 |
| 700 1# - ENTRADA AGREGADA--NOMBRE PERSONAL | |
| Nombre de persona | La Harpe, Jean-François de, |
| Fechas asociadas al nombre | 1739-1803 |
| 9 (RLIN) | 139042 |
| 700 1# - ENTRADA AGREGADA--NOMBRE PERSONAL | |
| Nombre de persona | Blin de Sainmore, Adrien-Michel-Hyacinthe. |
| 9 (RLIN) | 139043 |
| 700 1# - ENTRADA AGREGADA--NOMBRE PERSONAL | |
| Nombre de persona | Champfort, Sébastien-Roch-Nicolas. |
| 9 (RLIN) | 139044 |
| 700 1# - ENTRADA AGREGADA--NOMBRE PERSONAL | |
| Nombre de persona | Poinsinet de Sivry, Louis. |
| 9 (RLIN) | 139036 |
| 830 1# - PUNTO DE ACCESO ADICIONAL DE SERIE-TÍTULO UNIFORME | |
| Título uniforme | Répertoire général du théatre français ; |
| Designación de volumen o secuencia | 30-34 |
| 9 (RLIN) | 188906 |
| 852 ## - LOCALIZACIÓN | |
| Ubicación | ES-MaACL |
| Número de control de estantería | E-12321-22 |
| Nota libre | - Biblioteca Jacinto Martínez Lacalle |
| Estatus retirado | Estado de pérdida | Estado de daño | No para préstamo | Colección | Biblioteca de origen | Biblioteca actual | Ubicación en estantería | Fecha de adquisición | Fuente de adquisición | Total de préstamos | Signatura topográfica completa | Código de barras | Visto por última vez | Precio de reemplazo | Tipo de ítem Koha |
|---|---|---|---|---|---|---|---|---|---|---|---|---|---|---|---|
| Libros del s. XIX | Biblioteca del Ateneo de Madrid | Biblioteca del Ateneo de Madrid | Depósito 2 | 09/12/2008 | E-12321-22 | 1178327 | 23/02/2023 | 23/02/2023 | Libro impreso antiguo |
